Statistiques concernant Pays les plus proches de Nauru

Cliquez ici pour prendre le quiz!

Statistiques générales

  • Ce quiz a été pris 75 fois
  • Le résultat moyen est 16 sur 20

Statistiques - réponses

kmpays% Correct
3820Nouvelle-Zélande
100%
2863Australie
99%
2662Samoa
96%
2544Tonga
96%
1397Vanuatu
96%
1392Papouasie-
Nouvelle-Guinée
95%
1737Fidji
92%
598Îles Marshall
90%
1160Tuvalu
90%
2892Indonésie
89%
288Kiribati
89%
4561Philippines
89%
1104Salomon
88%
776Micronésie
86%
3692Palaos
82%
5132Japon
78%
4478Timor-Leste
56%
4342États Unis
55%
3219Îles Cook
29%
3255Niue
25%

Distribution des résultats

Percentile par nombre de réponses

% des personnes avec chaque résultat

Votre développement - résultats

Vous n’avez pas pris ce quiz